00877cam a2200217 a 450000100030000000300090000300500170001200800410002902000310007002000310010104000280013208200190016024502620017926000290044130000460047049000290051650400510054565000280059670000170062470000180064128BD-DhUAP20201210152416.0201210s1992 gw a b 101 0 eng  a3527284370 (VCH, Weinheim) a1560812206 (VCH, New York) aDLCcDLCdBD-DhUAPbeng00a610.28 BIO22300aBiosensors :bfundamentals, technologies, and applications : contributions to the BMFT Status Seminar with international participation, May 12-14, 1991, Internationales Bildungs-Centrum Bogensee/Brandenburg, Germany /cedited by F. Scheller and R.D. Schmid. aNew York :bVCH,cc1992. axix, 548 pages :billustrations ;c24 cm. aGBF monographs ;vv. 17. aIncludes bibliographical references and index. 0aBiosensorsxCongresses.1 aScheller, F.1 aSchmid, Rolf.